Devine le joueur de foot - Statistiques

Statistiques générales
  • Ce quiz a été pris 133 fois
  • Le résultat moyen est 9 sur 10
Statistiques - réponses
Clubs Nom du joueur % Correct
FC Barcelone / PSG / Inter Miami CF Messi
100%
Santos FC / FC Barcelone / PSG / Al-Hilal SFC Neymar
100%
Sporting CP / Manchester United / Real Madrid / Juventus FC / Manchester United / Al-Nassr FC Ronaldo
100%
AS Monaco / PSG / Real Madrid Mbappe
99%
Birmigham City / Borussia Dortmund / Real Madrid Bellingham
88%
Bryne FK / Molde FK / RB Salzbourg / Borrusia Dortmund / Manchester City Haaland
88%
Real Madrid / Borussia Dortmund / Inter Milan / PSG Hakimi
85%
Quimper CFC / Le Havre AC / Leicester City / Manchester City / Al-Ahli FC Mahrez
77%
Benfica Lisbonne / AS Monaco / Manchester City Silva
77%
KRC Genk / Chelsea FC / Atlético de Madrid / Real Madrid Courtois
70%
Aucun quiz correspondant
Distribution des résultats
% des personnes avec chaque résultat
Percentile par nombre de réponses
Votre historique - résultats
Vous n’avez pas pris ce quiz